Capoluoghi di Provincia senza la lettera O - Statistics

Statistiche generali
  • Questo quiz è stato fatto 89 volte
  • Il punteggio medio è 45 su 52
Statistiche sulle risposte
Lunghezza in lettere Capoluogo % Corretto
7 Catania
100%
4 Bari
97%
8 La Spezia
97%
4 Pisa
97%
11 Alessandria
94%
7 Firenze
94%
5 Lecce
94%
7 Perugia
94%
7 Ferrara
92%
7 Imperia
92%
5 Lucca
92%
7 Messina
92%
6 Rimini
92%
5 Terni
92%
7 Venezia
92%
13 Caltanissetta
90%
7 Caserta
90%
4 Enna
90%
5 Parma
90%
5 Siena
90%
7 Trapani
90%
6 Varese
90%
4 Asti
89%
8 Brindisi
89%
8 Cagliari
89%
7 L'Aquila
89%
6 Latina
89%
6 Ragusa
89%
7 Sassari
89%
7 Trieste
89%
5 Udine
89%
7 Vicenza
89%
8 Barletta
87%
6 Matera
87%
7 Ravenna
87%
5 Rieti
87%
8 Macerata
86%
8 Piacenza
86%
8 Siracusa
86%
8 Vercelli
86%
6 Biella
84%
7 Brescia
84%
5 Massa
84%
5 Pavia
84%
7 Pescara
84%
7 Isernia
81%
6 Chieti
75%
8 Verbania
75%
6 Andria
73%
5 Trani
70%
6 Cesena
67%
7 Carrara
56%
Nessun quiz corrispondente trovato
Distribuzione punteggi
Percentuale di utenti per punteggio
Percentile per numero di risposta
I tuoi punteggi nel tempo
Non hai fatto questo quiz